Foundations of education- II/ (Record no. 11765)

MARC details
000 -LEADER
fixed length control field 00574nam a22002177a 4500
005 - DATE AND TIME OF LATEST TRANSACTION
control field 20240227113300.0
008 - FIXED-LENGTH DATA ELEMENTS--GENERAL INFORMATION
fixed length control field 240227b ||||| |||| 00| 0 eng d
020 ## - INTERNATIONAL STANDARD BOOK NUMBER
International Standard Book Number 9789358495416
040 ## - CATALOGING SOURCE
Original cataloging agency IN-DiNC
Transcribing agency IN-DiNC
041 ## - LANGUAGE CODE
Language code of sung or spoken text English
082 ## - DEWEY DECIMAL CLASSIFICATION NUMBER
Classification number 370
Item number DEK
100 ## - MAIN ENTRY--PERSONAL NAME
Personal name Deka, Nabanita
Relator term Author
245 ## - TITLE STATEMENT
Title Foundations of education- II/
Statement of responsibility, etc. by Nabanita Deka and Lokman Ali
250 ## - EDITION STATEMENT
Edition statement 1st ed.
260 ## - PUBLICATION, DISTRIBUTION, ETC.
Place of publication, distribution, etc. Dibrugarh:
Name of publisher, distributor, etc. Banalata,
Date of publication, distribution, etc. 2023.
300 ## - PHYSICAL DESCRIPTION
Extent 520p.
650 ## - SUBJECT ADDED ENTRY--TOPICAL TERM
Topical term or geographic name entry element Curriculum
650 ## - SUBJECT ADDED ENTRY--TOPICAL TERM
Topical term or geographic name entry element Indian education
700 ## - ADDED ENTRY--PERSONAL NAME
Personal name Ali, Lokman
Relator term Author
942 ## - ADDED ENTRY ELEMENTS (KOHA)
Source of classification or shelving scheme Dewey Decimal Classification
Koha item type Books
Holdings
Withdrawn status Lost status Source of classification or shelving scheme Damaged status Not for loan Collection code Home library Current library Shelving location Date acquired Cost, normal purchase price Total Checkouts Full call number Barcode Date last seen Date last checked out Copy number Price effective from Koha item type
    Dewey Decimal Classification     Education Naharkatiya College Library Naharkatiya College Library General Stacks 27/02/2024 450.00 9 370 DEK 29960 17/04/2026 11/03/2026 1 27/02/2024 Books
    Dewey Decimal Classification     Education Naharkatiya College Library Naharkatiya College Library General Stacks 27/02/2024 450.00 8 370 DEK 29961 20/04/2026 26/03/2026 2 27/02/2024 Books
    Dewey Decimal Classification     Education Naharkatiya College Library Naharkatiya College Library General Stacks 27/02/2024 450.00 7 370 DEK 29962 29/04/2026 31/03/2026 3 27/02/2024 Books

Naharkatiya College © 2020. All rights reserved.

Powered By